00668 a2200193 450000100060000002000150000604000240002110000290004524000560007424500510013030000080018136200090018944000130019865000310021194200070024295201040024995201040035399900170045769828 a8573118415 cAnchieta - Itaigara aMillán, José Antonio10aO pequeno livro que ainda não tinha títulolpor10aO pequeno livro que ainda não tinha título a1010 a2001 1aPaulinas 4aLiteratura infanto-juvenil cBK 00104070a88.1b88.1d2023-11-21l0o028.5 MIL PEQp2585/ITAr2023-11-21 20:04:33w2023-11-21yBK 00104070a88.1b88.1d2023-11-21l0o028.5 MIL PEQp2586/ITAr2023-11-21 20:04:33w2023-11-21yBK c69828d69828